Los objetivos fundamentales transversales en la reforma educativa chilena

Guardat en:
Dades bibliogràfiques
Autors principals: Magendzo K., Abraham (autor), Donoso S., Patricio (Autor), Rodas, María Teresa (Autor)
Format: Llibre
Idioma:espanyol
Publicat: Santiago Universitaria 2000
Edició:3a. ed
Matèries:
Etiquetes: Afegir etiqueta
Sense etiquetes, Sigues el primer a etiquetar aquest registre!

MARC

LEADER 00000nam a2200000 a 4500
001 UCL5992
003 CL-VaPUC
008 040326e20000000CL |||||||||||||||||spa|d
020 |a 9561113449 
082 0 4 |a 372.011  |b MAG  |2 21 
100 |a Magendzo K., Abraham  |e autor  |9 616737 
700 0 |a Donoso S., Patricio  |e author  |9 483734 
700 0 |a Rodas, María Teresa  |e author  |9 483735 
245 1 4 |a Los objetivos fundamentales transversales en la reforma educativa chilena 
250 |a 3a. ed 
300 |a 143 p 
942 |c BK 
945 |d 20040326 00:00:00  |a cmena 
260 |a Santiago  |b Universitaria  |c 2000 
650 0 |a Planificación de la educación   |9 307333 
650 0 |a Política educacional  |9 308011 
650 0 |a Reforma educacional   |9 256319 
650 0 |a Objetivos educativos  |9 306344 
650 0 |a Currículo  |9 307290 
583 |a last modification  |c 20040326 00:00:00  |k Rodrigo Vera 
999 |c 308302  |d 308300 
952 |0 0  |1 0  |4 0  |6 372_011000000000000_MAG_2000  |7 0  |8 R  |9 374666  |a BIBEDU  |b BIBEDU  |d 2019-11-21  |i 3988910  |o 372.011 MAG 2000  |p 3988910  |r 2023-01-13  |w 2019-11-21  |y BK_R  |k EPE